Quick Pick: 'The Phantom Menace' Characters Quiz Stats

 Plays Quiz Updated Mar 4, 2018

Challenge
Share
Tweet
Embed
Score 0/15 Timer 01:30
0 Plays Today
% Correct
Anakin Skywalker
96.3%
C-3PO
93.5%
Darth Maul
92.6%
Obi-Wan Kenobi
91.5%
Padmé Amidala
90.5%
R2-D2
89.6%
Qui-Gon Jinn
89.3%
Shmi Skywalker
84.5%
% Correct
Watto
75.4%
Chancellor Valorum
75%
Sebulba
73%
Boss Nass
71.2%
Captain Panaka
68.9%
Jabba the Hutt
66.5%
Nute Gunray
50%

Today's Daily Dose

You're not logged in!

Compare scores with friends on all Sporcle quizzes.
Join for Free
OR
Log In

You Might Also Like...

Show Comments

Extras

Top Quizzes Today


Score Distribution

Your Account Isn't Verified!

In order to create a playlist on Sporcle, you need to verify the email address you used during registration. Go to your Sporcle Settings to finish the process.

Report this User

Report this user for behavior that violates our Community Guidelines.

Details: